Social action and non violence / (Record no. 126853)

MARC details
000 -LEADER
fixed length control field 00650nam a22002297a 4500
005 - DATE AND TIME OF LATEST TRANSACTION
control field 20170124110016.0
010 ## - LIBRARY OF CONGRESS CONTROL NUMBER
LC control number A-778174
020 ## - INTERNATIONAL STANDARD BOOK NUMBER
Terms of availability 00.000
035 ## - SYSTEM CONTROL NUMBER
System control number A-778174
037 ## - SOURCE OF ACQUISITION
Source of stock number/acquisition Cen Lib/ Ret
040 ## - CATALOGING SOURCE
Original cataloging agency DPL
Language of cataloging EN
082 ## - DEWEY DECIMAL CLASSIFICATION NUMBER
Classification number 303.6
Item number GUP
100 ## - MAIN ENTRY--PERSONAL NAME
Personal name Gupta, R.K.
9 (RLIN) 7313
245 ## - TITLE STATEMENT
Title Social action and non violence /
Statement of responsibility, etc by R.K. Gupta
260 ## - PUBLICATION, DISTRIBUTION, ETC. (IMPRINT)
Place of publication, distribution, etc New Delhi
Name of publisher, distributor, etc Indian council of philosophical research
270 ## - ADDRESS
City New Delhi
Address Rajendra bhawan
300 ## - PHYSICAL DESCRIPTION
Extent 128p.
Dimensions 21cm(Hb)
500 ## - GENERAL NOTE
General note Includes index
650 ## - SUBJECT ADDED ENTRY--TOPICAL TERM
Topical term or geographic name as entry element Social action
General subdivision
9 (RLIN) 18653
650 ## - SUBJECT ADDED ENTRY--TOPICAL TERM
Topical term or geographic name as entry element Non-violence
9 (RLIN) 18654
942 ## - ADDED ENTRY ELEMENTS (KOHA)
Source of classification or shelving scheme Dewey Decimal Classification
Koha item type English Books
Classification part 303.6
Call number suffix GUP
Holdings
Withdrawn status Lost status Damaged status Not for loan Home library Current library Date acquired Source of acquisition Cost, normal purchase price Total Checkouts Full call number Barcode Date last seen Copy number Cost, replacement price Price effective from Koha item type
        Central Library Central Library 26/06/2015 Cen Lib/Ret 0.00   303.6 GUP A-778174 26/06/2015 1 0.00 26/06/2015 English Books

© Delhi Public Library
Hit Counter
free hit counter